000 00446nam a2200217 454500
001 035663
003 BD-ChCU
008 Eng
020 _ax
040 _aDLC
_cDLC
_dBD-ChCU
082 0 0 _a184/ARP
100 1 _aArmstrong, A.H.
_bx
245 1 0 _aPlotinus
_bx
250 _ax
260 _aN.Y.
_bCollier Books
_c1962
300 _a158
504 _ax
650 0 _aPhilosophy, Greek
_bPlotinus
700 1 _ax
942 _2ddc
_cBK
999 _c35663
_d35663